All 500k+ Cities in Western Africa on a Map - Statistics

General Stats
  • This quiz has been taken 852 times
  • The average score is 19 of 27
Answers on the Map
Answers color-coded by a green-red scale on the quiz's map according to % correct below.
 
Answer Stats
Population City % Correct
2,646,503 Dakar
98%
5,195,247 Lagos
98%
2,070,463 Accra
95%
4,395,243 Abidjan
94%
1,810,366 Bamako
94%
1,055,964 Freetown
94%
1,660,973 Conakry
93%
1,021,762 Monrovia
93%
2,485,600 Ouagadougou
93%
2,166,554 Kano
92%
978,029 Niamey
92%
958,399 Nouakchott
91%
2,090,600 Lomé
90%
1,835,300 Ibadan
82%
762,719 Benin City
78%
703,421 Port Harcourt
78%
679,012 Cotonou
75%
2,035,064 Kumasi
75%
500,183 Aba
44%
993,642 Kaduna
43%
618,278 Maiduguri
42%
753,315 Touba
41%
1,028,000 Bobo-Dioulasso
36%
510,300 Jos
36%
612,257 Zaria
32%
536,719 Bouaké
26%
532,089 Ilorin
19%
No matching quizzes found
Score Distribution
Percent of People with Each Score
Percentile by Number Answered
Your Score History
You have not taken this quiz